Geography Common Knowledge - Statistics

General Stats
  • This quiz has been taken 269 times
  • The average score is 10 of 12
Answer Stats
Hint Answer % Correct
What continent is that desert in? Africa
99%
What is the largest desert in the world? Sahara
99%
What country gave the Statue of Liberty as a gift? France
95%
What country is The Vatican and San Marino completely surrounded by? Italy
95%
Only country that starts with Q Qatar
95%
Only country that starts with Y Yemen
95%
Where is the tallest building in the world? (name the city) Dubai
90%
What is the only country with 3 capital cities? South Africa
85%
What is the southern most country in the world? Chile
84%
What is the least densely populated country? (about 2 people/km2) Mongolia
63%
What is the most densely populated country? (about 26337 people/km2) Monaco
60%
The only Middle Eastern country without desert Lebanon
54%
No matching quizzes found
Score Distribution
Percent of People with Each Score
Percentile by Number Answered
Your Score History
You have not taken this quiz